=LDR 00000nam 2200000 4500 =001 INLIS000000000003972 =005 20130612092251 =008 ***********************************Ind** =035 ##$$0010-061300000003972 =041 ##$$a Ind =082 ##$$a 92(Sungkono) =090 ##$$a 92(Sungkono), Sum s =100 ##$$a Sumardi, S =245 ##$$a Sungkono, hasil karya dan pengabdiannya, Drs.S.Sumardi =260 ##$$a 1994 $b Jakarta =300 ##$$a 130 hlm., ilus., 21 cm =650 ##$$a Sungkono, 1913-1975 =850 ##$$a NBPNMAT